<?xml version="1.0" encoding="UTF-8"?><?xml-stylesheet type="text/xsl" href="static/style.xsl"?><OAI-PMH xmlns="http://www.openarchives.org/OAI/2.0/" xmlns:xsi="http://www.w3.org/2001/XMLSchema-instance" xsi:schemaLocation="http://www.openarchives.org/OAI/2.0/ http://www.openarchives.org/OAI/2.0/OAI-PMH.xsd"><responseDate>2026-04-18T04:24:14Z</responseDate><request verb="GetRecord" identifier="oai:www.recercat.cat:20.500.12327/4535" metadataPrefix="marc">https://recercat.cat/oai/request</request><GetRecord><record><header><identifier>oai:recercat.cat:20.500.12327/4535</identifier><datestamp>2025-10-23T05:29:53Z</datestamp><setSpec>com_2072_4428</setSpec><setSpec>com_2072_4427</setSpec><setSpec>col_2072_487898</setSpec></header><metadata><record xmlns="http://www.loc.gov/MARC21/slim" xmlns:dcterms="http://purl.org/dc/terms/" xmlns:xsi="http://www.w3.org/2001/XMLSchema-instance" xmlns:doc="http://www.lyncode.com/xoai" xsi:schemaLocation="http://www.loc.gov/MARC21/slim http://www.loc.gov/standards/marcxml/schema/MARC21slim.xsd">
   <leader>00925njm 22002777a 4500</leader>
   <datafield ind2=" " ind1=" " tag="042">
      <subfield code="a">dc</subfield>
   </datafield>
   <datafield ind2=" " ind1=" " tag="720">
      <subfield code="a">Alvarez-Jubete, Laura</subfield>
      <subfield code="e">author</subfield>
   </datafield>
   <datafield ind2=" " ind1=" " tag="720">
      <subfield code="a">Valverde, Juan</subfield>
      <subfield code="e">author</subfield>
   </datafield>
   <datafield ind2=" " ind1=" " tag="720">
      <subfield code="a">Patras, Ankit</subfield>
      <subfield code="e">author</subfield>
   </datafield>
   <datafield ind2=" " ind1=" " tag="720">
      <subfield code="a">Mullen, Anne Maria</subfield>
      <subfield code="e">author</subfield>
   </datafield>
   <datafield ind2=" " ind1=" " tag="720">
      <subfield code="a">Marcos Muntal, Begonya</subfield>
      <subfield code="e">author</subfield>
   </datafield>
   <datafield ind2=" " ind1=" " tag="260">
      <subfield code="c">2014</subfield>
   </datafield>
   <datafield ind2=" " ind1=" " tag="520">
      <subfield code="a">The aim of this study was to investigate the effect of combined pressure/temperature treatments (200, 400 and 600 MPa, at 20 and 40 °C) on key physical and chemical characteristics of white cabbage (Brassica oleracea L. var. capitata alba). Thermal treatment (blanching) was also investigated and compared with high-pressure processing (HPP). HPP at 400 MPa and 20–40 °C caused significantly larger colour changes compared to any other pressure or thermal treatment. All pressure treatments induced a softening effect, whereas blanching did not significantly alter texture. Both blanching and pressure treatments resulted in a reduction in the levels of ascorbic acid, effect that was less pronounced for blanching and HPP at 600 MPa and 20–40 °C. HPP at 600 MPa resulted in significantly higher total phenol content, total antioxidant capacity and total isothiocyanate content compared to blanching. In summary, the colour and texture of white cabbage were better preserved by blanching. However, HPP at 600 MPa resulted in significantly higher levels of phytochemical compounds. The results of this study suggest that HPP may represent an attractive technology to process vegetable-based food products that better maintains important aspects related to the content of health-promoting compounds. This may be of particular relevance to the food industry sector involved in the development of convenient novel food products with excellent functional properties</subfield>
   </datafield>
   <datafield ind1="8" ind2=" " tag="024">
      <subfield code="a">Alvarez-Jubete, L., et al. (2014) Assessing the Impact of High-Pressure Processing on Selected Physical and Biochemical Attributes of White Cabbage (Brassica oleracea L. var. capitata alba). Food and Bioprocess Technology 7(3):682-692</subfield>
   </datafield>
   <datafield ind1="8" ind2=" " tag="024">
      <subfield code="a">http://hdl.handle.net/20.500.12327/4535</subfield>
   </datafield>
   <datafield tag="653" ind2=" " ind1=" ">
      <subfield code="a">Altes pressions (Tecnologia)</subfield>
   </datafield>
   <datafield tag="653" ind2=" " ind1=" ">
      <subfield code="a">Aliments -- Indústria i comerç</subfield>
   </datafield>
   <datafield tag="653" ind2=" " ind1=" ">
      <subfield code="a">Col</subfield>
   </datafield>
   <datafield ind2="0" ind1="0" tag="245">
      <subfield code="a">Assessing the impact of high-pressure processing on selected physical and biochemical attributes of white cabbage (Brassica oleracea L. var. capitata alba)</subfield>
   </datafield>
</record></metadata></record></GetRecord></OAI-PMH>